00958nam a2200253 i 4500003000900000005001700009007000300026008004100029040003000070082001300100100001000113245009100123264004400214300002600258336002700284337003400311338002800345500015300373590002700526910000700553942001400560952011300574999001700687DO-SdBNP20230912134209.0ta110413s1968 dr 000 0 spa d aDO-SdBNPbspacBNPHUerda bR615222 95803110aRitual de apertura y cierre de una logia y ceremonias de iniciación :clibro primero aSanto Domingo :bOffset Sardá,c1968. a52 páginas c21 cm. 2rdacontentatextobtxt 2rdamediaasin mediación bn 2rdacarrieravolumenbnc aDeclarado pauta oficial para la juridicción de la República Dominicana por resolución del Comité Administrativo de fecha 1 de junio de 1968. aInventariado, 2023/ DG aDG 2ddccLBS1 00102ddc51708PDaBNPHUbBNPHUcCTd2023-09-12l0oBNPHU PD R615p2023-5787r2023-09-12w2023-09-12yLBS1 c54708d54708